书目信息 |
| 题名: |
节海导游
|
|
| 作者: | 吴昌华 编著 | |
| 分册: | ||
| 出版信息: | 济南 山东友谊出版社 1997 |
|
| 页数: | 21,589页 | |
| 开本: | 20cm | |
| 丛书名: | ||
| 单 册: | ||
| 中图分类: | K892.1 | |
| 科图分类: | ||
| 主题词: | 节日--简介--中国 | |
| 电子资源: | ||
| ISBN: | 7-80551-981-1 | |
| 000 | 00555nam0 2200205 45 | |
| 001 | 0198018557 | |
| 005 | 20061020094612.50 | |
| 010 | @a7-80551-981-1@dCNY32.00 | |
| 100 | @a19980331d1997 em y0chiy0121 ea | |
| 101 | 0 | @achi |
| 102 | @aCN@b370000 | |
| 105 | @af z 000yy | |
| 200 | 10 | @a节海导游@Ajie hai dao you@f吴昌华编著 |
| 210 | @a济南@c山东友谊出版社@d1997 | |
| 215 | @a21,589页@c彩照@d20cm | |
| 606 | @a节日@x简介@y中国 | |
| 690 | @aK892.1@v3 | |
| 701 | 0 | @a吴昌华@Awu chang hua@4编著 |
| 801 | 0 | @aCN@bTSSF@c20061020 |
| 905 | @a10447@dK892.1@e108 | |
| 节海导游/吴昌华编著.-济南:山东友谊出版社,1997 |
| 21,589页:彩照;20cm |
| ISBN 7-80551-981-1:CNY32.00 |
| ● |
| 相关链接 |
|
|
|
|
正题名:节海导游
索取号:K892.1/108
 
预约/预借
| 序号 | 登录号 | 条形码 | 馆藏地/架位号 | 状态 | 备注 |
| 1 | 0503042 | 205030429 | 密集书库/ [索取号:K892.1/108] | 在馆 |